Responses for show #1424 - Thursday, November 8, 1990

1990 Tournament of Champions quarterfinal game 4.

Contestants

Lisa Guay, a homemaker from Champlain, New York

Erik Larsen, a graduate student from Ann Arbor, Michigan

Richard Neale, a taxpayers' service representative from Concord, California

Jeopardy! Round responses

"M" TV
WORLD HISTORY
WEATHER
LANGUAGES
GEMS
FRIENDLY PHRASES
    $100 11
M*A*S*H

Richard
    $100 1
Russia

Lisa
    $100 12
wind

Richard
    $100 3
Irish Gaelic

Erik
    $100 17
the emerald

Richard
    $100 18
a friend in need

Richard
    $200 27
Max Headroom

Richard
    $200 2
the Medicis

Erik
    $200 13
the temperature-humidity index

Richard
    $200 4
the United States

Erik
    $200 23
India

Erik
    $200 19
watered

Richard
    $300 28
Maude

Lisa
    $300 8
Brazil

Erik
    $300 14
acid rain

Richard
    $300 5
Latin

Erik
    $300 24
opals

Erik
    $300 20
to give up his life (or to lay down his life)

Lisa
    $400 29
Marcus Welby, M.D.

Triple Stumper
    $400 9
(Heinrich) Schliemann

Richard
    $400 15
the chinook

Richard
    $400 6
(Richard: What is Punjabi?)

Bengali

Richard
Triple Stumper
    $400 25
corundum

Erik
    $400 21
adversity

Richard
    $500 30
Masterpiece Theatre

Erik
    $500 10
(Lisa: Who is Aquino?)
(Alex: Be more specific.)

Benigno Aquino

Lisa
    $500 16
Peru (current)

Richard
    $500 7
Nigeria

Erik
    $500 26
(Richard: What is ruby?)

peridot

RichardLisa
    $500 22
(Richard: [Chuckling] I was going to say [*] but I think I'd better not. ...What is [*]?)
(Alex: [*] is right.)
[Laughter]
(Richard: Oh! Pardon me.)
(Alex: Aren't you glad you said it?...)
(Richard: Heh, yeah.)
(Alex: ...in the nick of [*]?!)

time

Richard

Scores at the first commercial break (after clue 13):

Richard Erik Lisa
$400 $1,600 $600

Scores at the end of the Jeopardy! Round:

Richard Erik Lisa
$2,600 $3,000 $1,700

Double Jeopardy! Round responses

POETRY
FAMOUS GERMANS
FOOD
REPUBLICANS
ISLANDS
MUSICAL THEATER
    $200 24
the bells

Richard
    $200 13
Grimm

Richard
    $200 3
the teeth

Erik
    $200 5
Dan Quayle

Erik
    $200 7
Monte Cristo

Erik
    $200 1
Hello, Dolly!

Lisa
    $400 27
Carl Sandburg

Richard
    $400 14
Katarina Witt

Richard
    $400 4
rye

Richard
    $400 22
John Foster Dulles

Richard
    $400 18
Ellis Island

Richard
    $400 2
Little Shop of Horrors

Erik
    $600 28
Robert Frost

Triple Stumper
    $600 15
Willy Messerschmitt

Richard
    $600 6
caramel

Richard
    $600 23
Connie Mack

Erik
    $600 19
Rock Island

Erik
    $600 10
Tyne Daly

Lisa
    $900 29
"John Brown's Body"

Richard
    $800 16
Nastassja Kinski

Triple Stumper
    $800 8
Islam

Erik
    $800 25
(Henry Cabot) Lodge

Richard
    $1,500 20
(3 of) Cuba, Jamaica, Hispaniola, Puerto Rico

Erik
    $800 11
(Stephen) Sondheim

Erik
    $1000 30
(Erik: Who was Oscar Wilde?)
(Lisa: Who was Milton?)

Richard Lovelace

ErikLisa
Triple Stumper
    $1000 17
Baedeker

Richard
    $1000 9
cilantro

Lisa
    $1000 26
Phil Gramm

Erik
    $1000 21
Iceland

Richard
    $1000 12
Gertrude Lawrence

Triple Stumper

Scores at the end of the Double Jeopardy! Round:

Richard Erik Lisa
$9,900 $8,300 $2,500

Final Jeopardy! Round responses

WORLD GEOGRAPHY
(Alex: If you had, uh, if you knew the tallest peak in South America was Aconcagua--it is in [*]. The lowest point, Valdes Peninsula, is 131 feet below sea level. That was the tougher part of the clue. It's going to cost you also, Richard. How much was the wager? $7,000. That drops you all the way down to $2,900 and it makes Erik Larsen a semifinalist. So, congratulations to you, young man. We will see you next week in the semifinals. And thanks to our other players today for a good game. I don't know if that $2900 will hold up. We'll find out tomorrow, the last of our quarterfinal games in this year's Tournament of Champions. Please join us then. So long, everyone!)
LisaWhat is Chile?
$2,500
ErikWhat is Chile?
$700
RichardWhat is Chile?
$7,000
Argentina

Final scores:

Richard Erik Lisa
$2,900 $7,600 $0
2nd place: $1,000 if eliminated Automatic semifinalist 3rd place: $1,000 if eliminated

Game dynamics:

Coryat scores:

Richard Erik Lisa
$9,800 $7,600 $2,500
26 R
(including 1 DD),
2 W
20 R
(including 2 DDs),
1 W
8 R,
1 W

Combined Coryat: $19,900

The J! Archive is created by fans, for fans. The Jeopardy! game show and all elements thereof, including but not limited to copyright and trademark thereto, are the property of Jeopardy Productions, Inc. and are protected under law. This website is not affiliated with, sponsored by, or operated by Jeopardy Productions, Inc. Join the discussion at JBoard.tv.